00276nam a2200121Ia 4500100002300000650001800023366000700041245002600048260003400074082001500108300000800123546002300131 aKhan/M.I/ Haque/S  aMANUFACTURING f25 aManufacturing Science bPrentice -Hall of Indiac2011 a658.5bKHA a562 aENGLISHcInfo.Tech